00556nam a2200145Ia 4500008004100000024004100041082001600082100006900098245003500167260002500202600002100227650003800248952010700286999001700393250506s9999 xx 000 0 und d a11B-77-BS, 11B-60-BS & 11B-97-BS a651.072 MUH aMuhammad Saad Saleem, Syed Iftikhar Ahmed & Syed Waleed Bin Aqil 0aElectronic Health Record (EHR) aKarachi:bUIT,c2011 aComputer Science aBachelor of Computer Science (BS) 001040708PR-CSaUITUbUITUd2022-07-26l0o651.072 MUHpBS-437r2025-05-06 11:34:25w2025-05-06yPR c28433d28433